Implemeting semantic web services: (Record no. 3214)
[ view plain ]
| 000 -LEADER | |
|---|---|
| fixed length control field | 00695nam a22002297a 4500 |
| 003 - CONTROL NUMBER IDENTIFIER | |
| control field | OSt |
| 005 - DATE AND TIME OF LATEST TRANSACTION | |
| control field | 20220107122720.0 |
| 008 - FIXED-LENGTH DATA ELEMENTS--GENERAL INFORMATION | |
| fixed length control field | 130817b xxu||||| |||| 00| 0 eng d |
| 020 ## - INTERNATIONAL STANDARD BOOK NUMBER | |
| International Standard Book Number | 9783540770190 |
| 040 ## - CATALOGING SOURCE | |
| Transcribing agency | IIITM-K |
| 082 ## - DEWEY DECIMAL CLASSIFICATION NUMBER | |
| Classification number | 004.678S FEN/I |
| 245 ## - TITLE STATEMENT | |
| Title | Implemeting semantic web services: |
| Remainder of title | The SESA framework |
| Statement of responsibility, etc. | edited by Dieter Fensel, Mick Kerrigan, Michal Zaremba |
| 260 ## - PUBLICATION, DISTRIBUTION, ETC. | |
| Place of publication, distribution, etc. | Heidelberg, |
| Name of publisher, distributor, etc. | Springer, |
| Date of publication, distribution, etc. | 2008. |
| 300 ## - PHYSICAL DESCRIPTION | |
| Extent | xvi,322p. |
| 650 ## - SUBJECT ADDED ENTRY--TOPICAL TERM | |
| Topical term or geographic name entry element | COMPUTER SCIENCE |
| 9 (RLIN) | 1715 |
| 650 ## - SUBJECT ADDED ENTRY--TOPICAL TERM | |
| Topical term or geographic name entry element | SERVICE ORIENTED COMPUTING |
| 9 (RLIN) | 1716 |
| 650 ## - SUBJECT ADDED ENTRY--TOPICAL TERM | |
| Topical term or geographic name entry element | SEMANTIC WEB |
| 9 (RLIN) | 1717 |
| 700 ## - ADDED ENTRY--PERSONAL NAME | |
| Personal name | Fensel, Dieter |
| 9 (RLIN) | 1718 |
| 700 ## - ADDED ENTRY--PERSONAL NAME | |
| Personal name | Kerrigan, Mick |
| 9 (RLIN) | 1719 |
| 700 ## - ADDED ENTRY--PERSONAL NAME | |
| Personal name | Zaremba, Michal |
| 9 (RLIN) | 1720 |
| 942 ## - ADDED ENTRY ELEMENTS (KOHA) | |
| Source of classification or shelving scheme | Dewey Decimal Classification |
| Koha item type | Books |
| Withdrawn status | Lost status | Source of classification or shelving scheme | Damaged status | Not for loan | Collection code | Home library | Current library | Shelving location | Date acquired | Cost, normal purchase price | Total Checkouts | Full call number | Barcode | Date last seen | Price effective from | Koha item type |
|---|---|---|---|---|---|---|---|---|---|---|---|---|---|---|---|---|
| Dewey Decimal Classification | Computer Network / Data Communication | Kerala University of Digital Sciences, Innovation and Technology Knowledge Centre | Kerala University of Digital Sciences, Innovation and Technology Knowledge Centre | Computer Science | 17/08/2013 | 4184.00 | 004.678S FEN/I | 2876 | 03/12/2020 | 17/08/2013 | Books |